[Event "POL-chT U19 2nd League"]
[Site "Iwonicz"]
[Date "2015.08.01"]
[Round "6.45"]
[White "Ulatowski, Jakub"]
[Black "Laszczak, Przemyslaw"]
[Result "0-1"]
[WhiteElo "1507"]
[BlackElo "1876"]
[PlyCount "64"]
[EventDate "2015.07.25"]
[EventType "team-swiss"]
[EventRounds "11"]
[EventCountry "POL"]
[SourceTitle "EXT 2019"]
[Source "ChessBase"]
[SourceDate "2018.10.10"]
[SourceVersion "1"]
[SourceVersionDate "2018.10.10"]
[SourceQuality "1"]
[WhiteTeam "Gliwice Akademia Szachowa U19"]
[BlackTeam "Minsk Mazowiecki MTSz U19"]
[WhiteTeamCountry "POL"]
[BlackTeamCountry "POL"]

1. e4 c6 2. d4 d5 3. e5 Bf5 4. Nf3 e6 5. Be2 c5 6. Be3 Nd7 7. 0-0 Ne7 8. c4 Rc8 9. Na3 a6 10. Rc1 dxc4 11. Nxc4 Nd5 12. Bg5 f6 13. exf6 gxf6 14. Bh4 Be7 15. Bg3 Rc6 16. Nh4 Bg6 17. Bh5 Kf7 18. f4 f5 19. Bxg6+ hxg6 20. Nf3 Bf6 21. dxc5 Rxc5 22. Bf2 Rc6 23. Bd4 Kg7 24. Nfe5 Nxe5 25. Nxe5 Rxc1 26. Qxc1 Qc8 27. Qd2 Rd8 28. Nf3 Qc7 29. Rd1 Rc8 30. Bxf6+ Nxf6 31. Qd6 Qxd6 32. Rxd6 Ra8 0-1

[Event "POL-ch U14"]
[Site "Suwalki"]
[Date "2015.04.12"]
[Round "7"]
[White "Ulatowski, Jakub"]
[Black "Laszczak, Przemyslaw"]
[Result "0-1"]
[WhiteElo "1511"]
[BlackElo "1930"]
[PlyCount "120"]
[EventDate "2015.04.08"]
[EventType "swiss"]
[EventRounds "9"]
[EventCountry "POL"]
[SourceTitle "EXT 2017"]
[Source "ChessBase"]
[SourceDate "2016.10.25"]
[SourceVersion "1"]
[SourceVersionDate "2016.10.25"]
[SourceQuality "1"]

1. e4 c6 2. d4 d5 3. Nc3 dxe4 4. Nxe4 Bf5 5. Ng3 Bg6 6. h4 h6 7. Nf3 Nd7 8. h5 Bh7 9. Bd3 Bxd3 10. Qxd3 e6 11. Bd2 a5 12. Ne4 Ngf6 13. Nxf6+ Nxf6 14. Ne5 Bb4 15. 0-0-0 0-0 16. Kb1 Qd5 17. f3 Rfd8 18. c3 Be7 19. g4 Qxe5 20. dxe5 Rxd3 21. exf6 Bxf6 22. f4 Rad8 23. Kc2 Rg3 24. Rhg1 Rxg1 25. Rxg1 g5 26. hxg6 fxg6 27. Rh1 Kg7 28. g5 hxg5 29. fxg5 Be7 30. Bf4 Rd5 31. Re1 Bxg5 32. Bxg5 Rxg5 33. Rxe6 Kf7 34. Re2 Rf5 35. Kd3 Kf6 36. c4 c5 37. Re8 Kg5 38. Re7 b6 39. Re6 Rf6 40. Re1 Rd6+ 41. Kc3 Kh4 42. Rh1+ Kg3 43. Rg1+ Kf2 44. Rg5 Kf3 45. Rd5 Re6 46. a3 Kf4 47. Rd8 g5 48. Rf8+ Kg3 49. Kd3 g4 50. Rg8 Kf3 51. Rd8 g3 52. Rf8+ Kg2 53. Kd2 Kg1 54. Rg8 Kg2 55. Rf8 Re5 56. Rh8 Kf2 57. Rf8+ Kg2 58. Rg8 Kf3 59. Kd1 Re4 60. Kd2 Rg4 0-1

[Event "POL-ch U14"]
[Site "Suwalki"]
[Date "2015.04.09"]
[Round "2"]
[White "Ulatowski, Jakub"]
[Black "Lis, Mateusz"]
[Result "1/2-1/2"]
[WhiteElo "1511"]
[BlackElo "1926"]
[PlyCount "131"]
[EventDate "2015.04.08"]
[EventType "swiss"]
[EventRounds "9"]
[EventCountry "POL"]
[SourceTitle "EXT 2017"]
[Source "ChessBase"]
[SourceDate "2016.10.25"]
[SourceVersion "1"]
[SourceVersionDate "2016.10.25"]
[SourceQuality "1"]

1. d4 Nf6 2. Nf3 g6 3. Bg5 Bg7 4. e3 d6 5. Bd3 Nbd7 6. Nbd2 0-0 7. 0-0 h6 8. Bh4 e5 9. c3 Qe8 10. Qc2 Nh7 11. Bc4 Nb6 12. Bb3 Bf5 13. e4 Be6 14. Bxe6 Qxe6 15. d5 Qe8 16. c4 Nd7 17. Ne1 f5 18. f3 f4 19. Bf2 b6 20. Nd3 a5 21. a3 a4 22. b4 axb3 23. Nxb3 Ndf6 24. Nb4 g5 25. g4 h5 26. h3 hxg4 27. hxg4 Qd7 28. Be1 Ra4 29. Nc6 Kh8 30. Bb4 Kg8 31. Kf2 Raa8 32. a4 Rf7 33. Rg1 Nf8 34. a5 bxa5 35. Rxa5 Rxa5 36. Nbxa5 Bh8 37. Rh1 Rh7 38. Rxh7 Qxh7 39. Kg1 Ng6 40. Qh2 Nh4 41. Kf2 Qxe4 42. fxe4 Nxg4+ 43. Kg1 Nf3+ 44. Kg2 Ngxh2 45. Ne7+ Kf7 46. Nf5 Bg7 47. c5 dxc5 48. Bxc5 g4 49. Nc6 g3 50. Nd8+ Kg8 51. Ne6 Bf6 52. Nxg3 fxg3 53. Kxg3 Bg5 54. Nxc7 Bf4+ 55. Kf2 Ng5 56. Ne6 Nxe4+ 57. Kg2 Nxc5 58. Nxc5 Ng4 59. d6 Kf7 60. d7 Bg5 61. Nb7 Ke6 62. d8Q Bxd8 63. Nxd8+ Kd5 64. Nf7 e4 65. Ng5 e3 66. Kf3 1/2-1/2

[Event "POL-ch U14"]
[Site "Suwalki"]
[Date "2015.04.08"]
[Round "1"]
[White "Gaj, Szymon"]
[Black "Ulatowski, Jakub"]
[Result "0-1"]
[WhiteElo "1884"]
[BlackElo "1511"]
[PlyCount "64"]
[EventDate "2015.04.08"]
[EventType "swiss"]
[EventRounds "9"]
[EventCountry "POL"]
[SourceTitle "EXT 2017"]
[Source "ChessBase"]
[SourceDate "2016.10.25"]
[SourceVersion "1"]
[SourceVersionDate "2016.10.25"]
[SourceQuality "1"]

1. d4 d5 2. c4 Bf5 3. Qb3 Nf6 4. Qxb7 Nbd7 5. Nc3 Rb8 6. Qxa7 e5 7. dxe5 Bc5 8. Qa4 Ne4 9. e3 dxc4 10. Nf3 Bb4 11. Bd2 Nec5 12. Qc6 Bxc3 13. Bxc4 Be4 14. Bd5 Bxd2+ 15. Nxd2 Rb6 16. Nxe4 Rxc6 17. Bxc6 Nxe4 18. e6 fxe6 19. Bxe4 0-0 20. Rd1 Qe7 21. 0-0 Ne5 22. Rd4 Rb8 23. Rfd1 Rb4 24. Rd8+ Kf7 25. Bxh7 Qh4 26. Bg8+ Ke7 27. f4 Rxb2 28. Kh1 Qf2 29. Rg1 Nf3 30. Rdd1 Qh4 31. h3 Qg3 32. gxf3 Qh2# 0-1

[Event "POL-chT U19 2nd League"]
[Site "Szczyrk"]
[Date "2014.07.30"]
[Round "8.57"]
[White "Ulatowski, Jakub"]
[Black "Wrobel, Michal"]
[Result "1/2-1/2"]
[WhiteElo "1477"]
[BlackElo "1720"]
[PlyCount "111"]
[EventDate "2014.07.25"]
[EventType "team-swiss"]
[EventRounds "11"]
[EventCountry "POL"]
[SourceTitle "EXT 2015"]
[Source "ChessBase"]
[SourceDate "2014.11.20"]
[SourceVersion "1"]
[SourceVersionDate "2014.11.20"]
[SourceQuality "1"]
[WhiteTeam "Gliwice Akademia Szachowa U19"]
[BlackTeam "Wroclaw MUKS MDK Srodmiescie U19 II"]
[WhiteTeamCountry "POL"]
[BlackTeamCountry "POL"]

1. e4 e6 2. d4 d5 3. Nd2 Nf6 4. e5 Nfd7 5. Bd3 c5 6. c3 Nc6 7. Ne2 cxd4 8. cxd4 f6 9. exf6 Nxf6 10. Nf3 Bd6 11. Bf4 0-0 12. 0-0 Bxf4 13. Nxf4 Qd6 14. Ne2 Bd7 15. Re1 Rae8 16. Ng3 Kh8 17. a3 Qf4 18. Bc2 a6 19. Qd3 g6 20. Rad1 Re7 21. h3 Rg7 22. Qe3 Ne8 23. Qxf4 Rxf4 24. Ne2 Rf8 25. Nc3 b5 26. Ne5 Nxe5 27. Rxe5 Rgf7 28. Rd2 Nd6 29. b3 Kg7 30. Nd1 a5 31. Nb2 a4 32. Nd3 axb3 33. Bxb3 Nc4 34. Bxc4 bxc4 35. Nc5 Re7 36. Nxd7 Rxd7 37. Rxe6 Ra8 38. Re3 Rda7 39. Ra2 Rb8 40. Kf1 Rb3 41. Rxb3 cxb3 42. Rb2 Rxa3 43. Ke1 Ra4 44. Rxb3 Rxd4 45. Ke2 Kf6 46. Rd3 Rxd3 47. Kxd3 Ke5 48. g3 g5 49. Ke3 h5 50. f4+ gxf4+ 51. gxf4+ Kf5 52. Kd4 Kxf4 53. Kxd5 Kg3 54. Ke4 Kxh3 55. Kf3 Kh2 56. Kf2 1/2-1/2

[Event "POL Region-ch U11"]
[Site "Szczyrk"]
[Date "2012.10.21"]
[Round "3.1"]
[White "Ulatowski, Jakub"]
[Black "Pultorak, Jan"]
[Result "0-1"]
[WhiteElo "1432"]
[BlackElo "1725"]
[PlyCount "62"]
[EventDate "2012.10.14"]
[EventType "swiss"]
[EventRounds "9"]
[EventCountry "POL"]
[SourceTitle "EXT 2023"]
[Source "ChessBase"]
[SourceDate "2022.10.05"]
[SourceVersion "1"]
[SourceVersionDate "2022.10.05"]
[SourceQuality "1"]

1. e4 b6 2. d4 e6 3. c4 Bb7 4. Nc3 Bb4 5. Bd3 Nf6 6. Qc2 d6 7. Nf3 Bxc3+ 8. bxc3 h6 9. 0-0 0-0 10. h3 Nfd7 11. Nh2 e5 12. d5 Nc5 13. Be3 Nbd7 14. Rfe1 Nxd3 15. Qxd3 Nc5 16. Bxc5 bxc5 17. Nf3 Qd7 18. Qc2 Ba6 19. Nd2 f5 20. Rab1 fxe4 21. Rxe4 Rf6 22. Qb3 Qf5 23. f3 Qg5 24. Re2 Rf4 25. Qa4 Bxc4 26. Nxc4 Qg6 27. Rd1 Rxf3 28. Qc2 Qg3 29. Rc1 Raf8 30. Nd2 Rf2 31. Ne4 Qxg2# 0-1

[Event "POL-chT U19 2nd League"]
[Site "Borowice"]
[Date "2012.07.28"]
[Round "10"]
[White "Gierulski, Kamil"]
[Black "Ulatowski, Jakub"]
[Result "1-0"]
[WhiteElo "1686"]
[BlackElo "1419"]
[PlyCount "67"]
[EventDate "2012.07.21"]
[EventType "team-swiss"]
[EventRounds "11"]
[EventCountry "POL"]
[SourceTitle "EXT 2014"]
[Source "ChessBase"]
[SourceDate "2013.11.20"]
[SourceVersion "1"]
[SourceVersionDate "2013.11.20"]
[SourceQuality "1"]
[WhiteTeam "Rzeszow RzKSz U19"]
[BlackTeam "Gliwice Akademia Szachowa U19"]
[WhiteTeamCountry "POL"]
[BlackTeamCountry "POL"]

1. e4 c5 2. d4 cxd4 3. c3 d3 4. Bxd3 Nc6 5. c4 d6 6. Be3 e6 7. Nc3 Be7 8. Nge2 Nf6 9. f3 0-0 10. 0-0 Nd7 11. Rc1 Nce5 12. b3 Nxd3 13. Qxd3 Ne5 14. Qd2 Ng6 15. Rfd1 a6 16. Na4 Bd7 17. Nb6 Rb8 18. c5 Bc6 19. cxd6 Bg5 20. Bxg5 Qxb6+ 21. Be3 Qd8 22. Qb4 Qd7 23. Bb6 Rbc8 24. Bc7 e5 25. Qa5 Rfe8 26. Nc3 f6 27. Nd5 Kf8 28. Nb6 Qe6 29. Nxc8 Qxc8 30. d7 Bxd7 31. Bd6+ Kg8 32. Rxc8 Rxc8 33. Qd5+ Kh8 34. Qxb7 1-0